000 01681aab a2200205 i 4500
001 768714001
003 CO-MdFUSB
005 20250804122605.0
008 220908s1994 ag ||||| |||| 00| 0 spa d
040 _bspa
_cCO-MdFUSB
041 _aspa
100 1 _aPowell, David R.
_eautor
245 0 _aWilliam C. Morris
_c/ David R. Powell
300 _aVolumen 13, número 2 (abril - junio, 1994), páginas: 27 - 28
_c; 27 cm
520 _aWilliam C, Morris llegó en plena juventud a Argentina en la década de los 1880 y se dedicó a trabajar como jornalero en uno de los barrios. Con sus ingresos de jornalero inició junto a su esposa una escuela para niños desamparados. En 1897 ingresó como clérigo Anglicano para recaudar fondos para su obras, allí ejerció su función en el pastorado prestando atención a los presos que estaban a su alcance, como también a los padres de "sus hijos". La formación que fue adquiriendo en la niñez y en su juventud como aficionado a la lectura, lo llevó a cumplir una labor literaria de envergadura mediante la traducción y edición de diferentes obras notables. En su ultimo año de vida, como si fuese premonitoriamente, a pedido escribió un artículo que tituló: "la palabra final de la cruz" que terminaba así; "...recibamos del Cristo, ... la gracia maravillosa de decir a gran voz, con toda certidumbre de fe... y [aun] ante la muerte: "En tus manos, Señor, encomiendo mi espíritu. Estamos en las manos de Dios y Dios es amor.
650 7 _9409
_aBiografía
773 0 _tIglesia y Misión
_049402
_959647
_gVolumen 13, número 2 (abril - junio, 1994), páginas: 27 - 28
_qpáginas: 27
942 _cANA
945 _aJTF-925
999 _c52067
_d52067